Sports Quiz

Random Sports or Baseball Quiz

MLB Team Leaders Quiz Stats

 Plays Quiz Updated Nov 5, 2020

Support Sporcle.
Go Orange.
Score 0/120 Timer 12:00
11 Plays Today
Team Player % Correct
New York YankeesBabe Ruth
85.8%
Arizona DiamondbacksRandy Johnson
83.2%
Minnesota TwinsWalter Johnson
82%
Atlanta BravesHank Aaron
79.3%
Atlanta BravesHank Aaron
79.3%
New York YankeesDerek Jeter
77.2%
Boston Red SoxTed Williams
76.6%
Boston Red SoxRoger Clemens & Cy Young
76.5%
Baltimore OriolesCal Ripken Jr.
75%
Baltimore OriolesCal Ripken Jr.
75%
Seattle MarinersKen Griffey Jr.
74.4%
New York YankeesMariano Rivera
74.1%
Cincinnati RedsPete Rose
73.5%
Arizona DiamondbacksLuis Gonzalez
72.2%
Arizona DiamondbacksLuis Gonzalez
72.2%
Texas RangersJuan Gonzalez
71.5%
San Francisco GiantsWillie Mays
71%
San Francisco GiantsWillie Mays
71%
Colorado RockiesTodd Helton
65.8%
Colorado RockiesTodd Helton
65.8%
Chicago CubsSammy Sosa
65.7%
Kansas City RoyalsGeorge Brett
65.7%
Kansas City RoyalsGeorge Brett
65.7%
Houston AstrosJeff Bagwell
64.5%
Houston AstrosCraig Biggio
63.9%
Texas RangersMichael Young
62.3%
Chicago White SoxFrank Thomas
61.5%
Philadelphia PhilliesMike Schmidt
61.4%
San Diego PadresTony Gwynn
60.4%
Detroit TigersTodd Jones
58.7%
Oakland AthleticsMark McGwire
58.6%
St. Louis CardinalsStan Musial
57.3%
St. Louis CardinalsStan Musial
57.3%
Detroit TigersTy Cobb
56.7%
Pittsburgh PiratesRoberto Clemente
56.6%
Philadelphia PhilliesJimmy Rollins
55.4%
Milwaukee BrewersRobin Yount
55.3%
San Diego PadresTrevor Hoffman
54.2%
Milwaukee BrewersRyan Braun
53.7%
Chicago CubsLee Smith
53.1%
Team Player % Correct
Cleveland IndiansJim Thome
52.9%
Seattle MarinersIchiro Suzuki
52.7%
Atlanta BravesCraig Kimbrel
51.3%
Baltimore OriolesJim Palmer
49.6%
Cincinnati RedsJohnny Bench
49.4%
St. Louis CardinalsBob Gibson
49.1%
New York MetsTom Seaver
49%
Washington NationalsRyan Zimmerman
47.4%
New York YankeesWhitey Ford
47.3%
Boston Red SoxCarl Yastrzemski
46.7%
Pittsburgh PiratesWillie Stargell
45.8%
Minnesota TwinsHarmon Killebrew
45.7%
Oakland AthleticsDennis Eckersley
45.4%
Houston AstrosBilly Wagner
42.2%
New York MetsDarryl Strawberry
41.2%
Tampa Bay RaysCarl Crawford
40.3%
Philadelphia PhilliesSteve Carlton
39.7%
Detroit TigersAl Kaline
39.2%
Atlanta BravesWarren Spahn
39.2%
Boston Red SoxJonathan Papelbon
36.5%
Toronto Blue JaysCarlos Delgado
35.3%
Tampa Bay RaysRoberto Hernandez
33.5%
Tampa Bay RaysEvan Longoria
31.7%
Los Angeles AngelsGarret Anderson
31.6%
Cleveland IndiansBob Feller
30.7%
Los Angeles AngelsMike Trout
28.6%
Los Angeles DodgersDuke Snider
28.5%
New York MetsJohn Franco
28.1%
Los Angeles DodgersKenley Jansen
27.6%
Miami MarlinsGiancarlo Stanton
27.4%
Tampa Bay RaysJames Shields
26.7%
Seattle MarinersFelix Hernandez
26.5%
San Francisco GiantsChristy Mathewson
23.6%
Los Angeles DodgersDon Sutton
22.2%
Chicago CubsCap Anson
20.4%
Houston AstrosJoe Niekro
20.1%
Miami MarlinsRobb Nen
20%
San Francisco GiantsRobb Nen
20%
Philadelphia PhilliesJonathan Papelbon
18.9%
Los Angeles AngelsTroy Percival
18.8%
Team Player % Correct
St. Louis CardinalsJason Isringhausen
18.4%
New York MetsDavid Wright
18.4%
Miami MarlinsRicky Nolasco
18.3%
Toronto Blue JaysDave Stieb
17.1%
Minnesota TwinsSam Rice
17%
Cleveland IndiansNap Lajoie
16.4%
Washington NationalsSteve Rogers
15.6%
Chicago White SoxBobby Thigpen
15.5%
Toronto Blue JaysTony Fernandez
14.3%
Arizona DiamondbacksJose Valverde
14.3%
Los Angeles AngelsChuck Finley
13.9%
Miami MarlinsLuis Castillo
13.5%
Chicago White SoxLuke Appling
12.7%
Colorado RockiesJorge De La Rosa
12.2%
Toronto Blue JaysTom Henke
11.9%
Washington NationalsRyan Zimmerman
11.7%
Minnesota TwinsJoe Nathan
11.5%
Colorado RockiesBrian Fuentes
11.1%
Washington NationalsJeff Reardon
10.1%
Seattle MarinersKazuhiro Sasaki
9.4%
San Diego PadresNate Colbert
9.3%
Texas RangersJohn Wetteland
8.5%
Los Angeles DodgersZack Wheat
7.7%
Kansas City RoyalsJeff Montgomery
7.2%
Baltimore OriolesGregg Olson
7%
Cleveland IndiansCody Allen
6.8%
Texas RangersCharlie Hough
6.5%
Oakland AthleticsEddie Plank
6.3%
Chicago White SoxTed Lyons
5.9%
Oakland AthleticsBert Campaneris
5.4%
Cincinnati RedsDanny Graves
5%
Pittsburgh PiratesWilbur Cooper
4.8%
Kansas City RoyalsPaul Splittorff
4.6%
San Diego PadresEric Show
4.3%
Cincinnati RedsEppa Rixey
3.9%
Pittsburgh PiratesRoy Face
3.4%
Milwaukee BrewersDan Plesac
3.4%
Chicago CubsCharlie Root
3.3%
Milwaukee BrewersJim Slaton
2.5%
Detroit TigersHooks Dauss
2%

You're not logged in!

Compare scores with friends on all Sporcle quizzes.
OR
Log In

From the Vault

Is That the Opening Lyric?

by babymonkee

Let's hope you were paying attention...
Remove Ads.
Support Sporcle.
Get the best of Sporcle when you Go Orange. This ad-free experience offers more features, more stats, and more fun while also helping to support Sporcle. Thank you for becoming a member.

Show Comments

Extras

Top Quizzes Today


Score Distribution

Your Account Isn't Verified!

In order to create a playlist on Sporcle, you need to verify the email address you used during registration. Go to your Sporcle Settings to finish the process.

Report this User

Report this user for behavior that violates our Community Guidelines.

Details: